000 00558cam a2200205ua 4500
020 _c3.90
041 _aeng
_h
082 _a581.4
_bGAL/LI
100 _aGalston, Arthur W .
245 _aLife of the green plant /
_cArthur W Galston.
_hTextual Documents
250 _a1 /
_b.
260 _aNew Delhi :
_bPrentice Hall of India Pvt Ltd. ,
_c1963.
300 _a116 ; .
365 _a3.90
440 0 _aFoundation of modern biology,
_v
_x;
490 0 _aFoundation of modern biology,
_v
_x;
504 _a
942 _cBK
999 _c9076
_d9076